[Event "CRO-chT U20 29th"]
[Site "Cakovec"]
[Date "2020.07.18"]
[Round "9.5"]
[White "Haidinger, Erik"]
[Black "Sos, Fran"]
[Result "1-0"]
[WhiteElo "1767"]
[BlackElo "2024"]
[PlyCount "113"]
[EventDate "2020.07.14"]
[EventType "team-tourn"]
[EventRounds "11"]
[EventCountry "CRO"]
[SourceTitle "CBM 197 Extra"]
[Source "ChessBase"]
[SourceDate "2020.09.30"]
[SourceVersion "1"]
[SourceVersionDate "2020.09.30"]
[SourceQuality "1"]
[WhiteTeam "Crikvenica U20"]
[BlackTeam "Strigova Stridon U20"]
[WhiteTeamCountry "CRO"]
[BlackTeamCountry "CRO"]

1. d4 Nf6 2. Bf4 c5 3. dxc5 Na6 4. f3 Nxc5 5. e4 d6 6. Nc3 g6 7. Qd2 Ne6 8. Be3 Bg7 9. 0-0-0 0-0 10. Bh6 Qa5 11. Kb1 Bxh6 12. Qxh6 Qg5 13. Qxg5 Nxg5 14. h4 Ne6 15. Nge2 Bd7 16. g4 Bc6 17. Nd5 Bxd5 18. exd5 Nc7 19. Nf4 Nd7 20. Be2 Ne5 21. Ng2 a5 22. Ne3 a4 23. Rh3 Ra5 24. g5 Rc5 25. h5 a3 26. f4 Nd7 27. Rdh1 Nxd5 28. Nxd5 Rxd5 29. hxg6 Rd2 30. Bb5 Nc5 31. Rxh7 fxg6 32. Kc1 Rg2 33. b4 Rxf4 34. bxc5 Rxg5 35. cxd6 exd6 36. Rxb7 Rc5 37. Re1 Re5 38. Rxe5 dxe5 39. Re7 e4 40. Bc6 Rf1+ 41. Kd2 Rf2+ 42. Kc3 Rf6 43. Bd5+ Kf8 44. Rxe4 Kg7 45. Kb4 g5 46. Kxa3 Ra6+ 47. Kb4 Kf6 48. a4 Kf5 49. Re8 g4 50. Kb5 Rd6 51. c4 Kf4 52. a5 Rg6 53. a6 Rg7 54. Kb6 Rg6+ 55. Bc6 g3 56. a7 g2 57. Re1 1-0

[Event "CRO-ch U17/U19"]
[Site "Vinkovci"]
[Date "2019.07.27"]
[Round "8"]
[White "Sos, Fran"]
[Black "Radovcic, Gabrijel"]
[Result "1-0"]
[WhiteElo "1951"]
[BlackElo "2047"]
[PlyCount "115"]
[EventDate "2019.07.22"]
[EventType "swiss"]
[EventRounds "9"]
[EventCountry "CRO"]
[SourceTitle "EXT 2020"]
[Source "ChessBase"]
[SourceDate "2019.10.17"]
[SourceVersion "1"]
[SourceVersionDate "2019.10.17"]
[SourceQuality "1"]

1. d4 d5 2. c4 e6 3. Nc3 Nf6 4. cxd5 exd5 5. Bg5 Be7 6. e3 0-0 7. Bd3 Nbd7 8. Nge2 Re8 9. 0-0 Nf8 10. Qc2 c6 11. Rae1 Ne4 12. Bxe7 Qxe7 13. f3 Nxc3 14. Nxc3 Qf6 15. Qf2 Ne6 16. Bb1 Bd7 17. Qc2 g6 18. Qf2 Rad8 19. f4 Bc8 20. f5 Ng5 21. Qg3 Ne4 22. Bxe4 dxe4 23. fxg6 Qxg6 24. Qh4 Rd6 25. Rf4 f5 26. Ref1 h6 27. Ne2 Rd5 28. Qf2 b6 29. Kh1 Ba6 30. g4 Bxe2 31. Qxe2 fxg4 32. Rf6 Qh5 33. Qf2 Rdd8 34. Qf4 Qg5 35. Qxg5+ hxg5 36. Rg6+ Kh8 37. Rxg5 c5 38. d5 Rg8 39. Rff5 Rxg5 40. Rxg5 Kh7 41. Kg2 Kh6 42. Re5 Rf8 43. d6 Rd8 44. Rd5 Kg6 45. Kg3 Kf6 46. Kf4 Ke6 47. Kxe4 Kd7 48. Kf4 Rh8 49. Rd2 Rg8 50. e4 a6 51. e5 b5 52. Ke4 g3 53. hxg3 Rxg3 54. Kd5 c4 55. e6+ Kd8 56. Rh2 Rg8 57. Rh7 Kc8 58. Kc6 1-0

[Event "CRO-ch U15"]
[Site "Trogir"]
[Date "2017.06.19"]
[Round "5"]
[White "Sos, Fran"]
[Black "Haidinger, Erik"]
[Result "1-0"]
[WhiteElo "1930"]
[BlackElo "1762"]
[PlyCount "79"]
[EventDate "2017.06.17"]
[EventType "swiss"]
[EventRounds "9"]
[EventCountry "CRO"]
[SourceTitle "CBM 179 Extra"]
[Source "ChessBase"]
[SourceDate "2017.08.23"]
[SourceVersion "1"]
[SourceVersionDate "2017.08.23"]
[SourceQuality "1"]

1. d4 Nf6 2. c4 e6 3. Nc3 Bb4 4. f3 c5 5. d5 exd5 6. cxd5 d6 7. e4 0-0 8. Nge2 Nbd7 9. Ng3 Ne5 10. Be2 Re8 11. 0-0 Rb8 12. Bb5 Re7 13. Bg5 Rc7 14. f4 Neg4 15. Qe2 a6 16. Bd3 Qe8 17. h3 c4 18. Bxc4 Ne3 19. Bxf6 gxf6 20. Nh5 Qe7 21. Qf3 Nxf1 22. Bxf1 Qf8 23. Nxf6+ Kh8 24. Qg3 Bd7 25. e5 Bxc3 26. bxc3 Bf5 27. Qg5 Bc8 28. exd6 Rd7 29. Qe5 Qxd6 30. Nxd7+ Qxe5 31. Nxe5 Kg7 32. Re1 Bf5 33. Bd3 Bxd3 34. Nxd3 Rd8 35. c4 b5 36. cxb5 Rxd5 37. Nb4 Rxb5 38. Nxa6 Ra5 39. Nb4 Ra4 40. Rb1 1-0

[Event "Osijek op 10th"]
[Site "Osijek"]
[Date "2017.02.25"]
[Round "5"]
[White "Perci, Franjo"]
[Black "Sos, Fran"]
[Result "0-1"]
[WhiteElo "1700"]
[BlackElo "1863"]
[PlyCount "86"]
[EventDate "2017.02.23"]
[EventType "swiss"]
[EventRounds "7"]
[EventCountry "CRO"]
[SourceTitle "EXT 2019"]
[Source "ChessBase"]
[SourceDate "2018.10.10"]
[SourceVersion "1"]
[SourceVersionDate "2018.10.10"]
[SourceQuality "1"]

1. e4 c5 2. Bc4 d6 3. Nc3 Nc6 4. a3 g6 5. Nge2 Bg7 6. h3 Nf6 7. 0-0 a6 8. d3 0-0 9. Ng3 e6 10. Bg5 h6 11. Bd2 b5 12. Ba2 Qc7 13. f4 Ne7 14. Qe2 Bd7 15. Rae1 Rfe8 16. Nd1 Bc6 17. Ne3 d5 18. e5 Nd7 19. c3 Qb6 20. Nc2 a5 21. d4 b4 22. dxc5 Qb7 23. cxb4 Bb5 24. Qf3 Bxf1 25. Rxf1 Nc6 26. Bb1 Reb8 27. Ne2 Bf8 28. Ncd4 Nxc5 29. Nxc6 Ne4 30. Bc3 Qxc6 31. Nd4 Qb7 32. b5 Bc5 33. Rd1 Nxc3 34. Qxc3 Qxb5 35. Rd2 Qb6 36. Kh2 Bxd4 37. Qg3 Kg7 38. h4 Bg1+ 39. Kh1 Qe3 40. Qg4 Qxd2 41. Bxg6 fxg6 42. Qxe6 Qxf4 43. h5 Qh2# 0-1

[Event "Valpovo op U20 13th rap"]
[Site "Valpovo"]
[Date "2016.12.09"]
[Round "2"]
[White "Sos, Fran"]
[Black "Rogulja, Marko"]
[Result "1-0"]
[WhiteElo "1833"]
[BlackElo "1468"]
[PlyCount "67"]
[EventDate "2016.12.09"]
[EventType "swiss (rapid)"]
[EventRounds "7"]
[EventCountry "CRO"]
[SourceTitle "EXT 2019"]
[Source "ChessBase"]
[SourceDate "2018.10.10"]
[SourceVersion "1"]
[SourceVersionDate "2018.10.10"]
[SourceQuality "1"]

1. d4 Nf6 2. c4 e6 3. Nc3 Bb4 4. Qc2 Bxc3+ 5. Qxc3 d5 6. Nf3 Nc6 7. Bg5 Ne7 8. Bxf6 gxf6 9. e3 Ng6 10. Bd3 Bd7 11. cxd5 exd5 12. Qb4 Rb8 13. Qc5 Bg4 14. Nd2 a6 15. h3 Be6 16. f4 Nh4 17. g4 f5 18. Rg1 Rg8 19. 0-0-0 Kd7 20. gxf5 Bxf5 21. Rxg8 Qxg8 22. Qxd5+ Ke7 23. Bxf5 Nxf5 24. Qxf5 Rd8 25. Ne4 Qg7 26. Qc5+ Kd7 27. d5 Re8 28. d6 c6 29. Qb6 Rxe4 30. Qc7+ Ke6 31. d7 Rc4+ 32. Kb1 Qg6+ 33. Ka1 Qc2 34. Qe5# 1-0